| 000 | 00000nam##2200000za#4500 |
| 001 | 9.696972 |
| 003 | CaOODSP |
| 005 | 20250506145324 |
| 007 | cr ||||||||||| |
| 008 | 150407|1990||||xxc|||||o f|0| 0 eng|d |
| 040 | |aCaOODSP|beng |
| 043 | |an-cn--- |
| 086 | 1 |aA53-1847/1990E-PDF |
| 110 | 1 |aCanada.|bAgriculture Canada. |
| 245 | 10|aControlled-atmosphere disorders of commercial fruits and vegetables / |h[electronic resource]|cedited by P. D. Lidster, G. D. Blanpied and R. K. Prange. |
| 260 | |aOttawa - Ontario : |bAgriculture Canada |cc1990. |
| 300 | |a64p.|breferences, table, photographs |
| 500 | |aPublication 1847 E. The catalogue number (A53-1847/1990E) and ISBN (0-662-18117-4) for the print edition have been incorrectly copied in this electronic publication. |
| 590 | |a12-43-Supp|b2012-12-07 |
| 690 | 07|aFruits|2gcpds |
| 690 | 07|aStorage|2gcpds |
| 690 | 07|aVegetables|2gcpds |
| 775 | 08|tDommages causés aux fruits et aux légumes en entreposage commercial sous atmosphère contrôlée / |w(CaOODSP)9.641046 |
| 776 | 0#|tControlled-atmosphere disorders of commercial fruits and vegetables / |w(CaOODSP)9.644889 |
| 856 | 40|ahttp://publications.gc.ca|qPDF|s4.07 MB|uhttps://publications.gc.ca/collections/collection_2012/agr/A53-1847-1990-eng.pdf |